Statistiken für Sehenswürdigkeiten Europas

Klicken Sie hier um das Quiz zu spielen!

Allgemein

  • Dieses Quiz wurde 414 mal gespielt
  • Das Durchschnittsergebnis liegt bei 11 aus 21

Antwortstatistiken

HintAntwort% Korrekt
FrankreichVersailles
83%
GriechenlandAkropolis
82%
SpanienSantiago de Compostela
73%
DeutschlandElbphilharmonie
69%
NorwegenGeiranger Fjord
68%
Vereinigtes KönigreichLoch Ness
66%
TürkeiGroßer Basar
59%
DänemarkKleine Meerjungfrau
59%
IrlandCliffs of Moher
56%
IslandGeysir Strokkur
55%
TschechienKarlsbrücke
55%
RusslandKatharinenpalast
52%
SchweizAletschgletscher
49%
NiederlandeGrachtengürtel
46%
KroatienPlitvicer Seen
40%
SlowakeiHohe Tatra
32%
MontenegroBucht von Kotor
29%
ItalienDrei Zinnen
29%
PortugalTramlinie 28
29%
ÖsterreichEisriesenwelt
25%
PolenMaurische Seenplatte
18%

Verteilung der Resultate

Perzentil nach korrekt beantworteten Fragen

Anzahl Personen mit jedem Resultat

Ihre Resultats-Entwicklung

Sie haben dieses Quiz noch nicht gespielt